A-Z Title Characters Slideshow III Quiz Stats

 Plays Quiz Updated Dec 19, 2019

Support Sporcle.
Go Orange.
Score 0/26 Timer 08:00
9 Plays Today
% Correct
Shrek
93.6%
Tarzan
93.1%
Green Lantern
91.9%
Lady and the Tramp
91.7%
The Wolverine
90.5%
Django Unchained
88%
Elizabeth
87.5%
Zoolander
86.5%
Robin Hood: Prince of Thieves
85.1%
Blade
79.3%
The Iron Giant
77.2%
Oliver and Company
73.2%
Kick-Ass
73%
% Correct
Nanny McPhee
71.5%
Youngblood
70.4%
Frida
70.1%
Patch Adams
68.6%
Henry V
65.9%
Milk
61.4%
The Young Victoria
61.2%
Alexander
58.4%
Jackie Brown
53.4%
Captain Corelli's Mandolin
41.6%
Xiu Xiu: The Sent Down Girl
4.6%
Umberto D
4.4%
Quill: The Life of a Guide Dog
3.8%

You're not logged in!

Compare scores with friends on all Sporcle quizzes.
OR
Log In
Remove Ads.
Support Sporcle.
Get the best of Sporcle when you Go Orange. This ad-free experience offers more features, more stats, and more fun while also helping to support Sporcle. Thank you for becoming a member.

Show Comments

Extras

Top Quizzes Today


Score Distribution

Your Account Isn't Verified!

In order to create a playlist on Sporcle, you need to verify the email address you used during registration. Go to your Sporcle Settings to finish the process.

Report this User

Report this user for behavior that violates our Community Guidelines.

Details: